000 01134nam a2200325 i 4500
003 EG-GICUC
005 20260121101408.0
008 251130s1967 fr ||||fr|||| 00| 0 fre d
040 _aEG-GiCUC
_bfre
_cEG-GiCUC
_dEG-GiCUC
_erda
041 0 _afre
082 0 4 _221
_a343.1
_bBR . A
092 0 4 _221
099 _aLaw1 10 343.1 BR . A 1967
100 1 _aBraudo, Serge
_eAuteur
245 1 2 _aL'Autorité Des Circulaires Adminstratives En Droit Pénal /
_cPar Serge Braudo ; Préface de Robert Vouin.
264 3 _aParis :
_bPRESSES UNIVERSITAIRES DE FRANCE ,
_c1967.
300 _a87 pages ;
_c24 cm.
336 _2rda content
_atext
337 _2rda media
_aComputer
338 _2rda carrier
_aOnline Resource
490 _aSCIENCES CRIMINELLES, N 1
500 _aTRAVAUX ET RECHERCHES DE LA FACULTÉ DE DROIT ET DES SCIENCES ÉCONOMIQUES.
504 _aComprend des références bibliographiques.
546 _aTexte en français
650 1 _aDroit Pénal
700 1 _aVouin, Robert
_ePréfacier
856 4 0 _uhttps://fll.law.cu.edu.eg/fulltext/bks/B10-00851.pdf
905 _a33
_eHassnaa
942 _2ddc
_cBK
_e21
_n0
999 _c47470
_d47470